تحقیق و تدوین / (Record no. 171985)

MARC details
000 -LEADER
fixed length control field 00594nam a22001817a 4500
005 - DATE AND TIME OF LATEST TRANSACTION
control field 20200124115846.0
010 ## - LCCN (DPL NO)
LC control number B-209194
020 ## - INTERNATIONAL STANDARD BOOK NUMBER
Terms of availability 250.00
035 ## - SYSTEM CONTROL NUMBER
System control number B-209194
037 ## - SOURCE OF ACQUISITION
Source of stock number/acquisition BPPD/Pub.
082 ## - DEWEY DECIMAL CLASSIFICATION NUMBER
Classification number 840.8
245 ## - TITLE STATEMENT
Title تحقیق و تدوین /
Statement of responsibility, etc مرتب - ابن کنول
246 ## - VARYING FORM OF TITLE
Title proper/short title Tehqeeq-o-Tadveen (Urdu) /
Remainder of title edited by Ibne Kanwal
260 ## - PUBLICATION, DISTRIBUTION, ETC. (IMPRINT)
Place of publication, distribution, etc Delhi
Name of publisher, distributor, etc Kitabi Duniya
Date of publication, distribution, etc 2006 ء
270 ## - ADDRESS
Address 1955, Gali Nawab Mirza, Moh. Qabristan, Opp. Anglo Arabic School, Turkman Gate
City Delhi
Postal code 110006
300 ## - PHYSICAL DESCRIPTION
Extent 311p.
Dimensions 22cm(Hb)
942 ## - ADDED ENTRY ELEMENTS (KOHA)
Source of classification or shelving scheme Dewey Decimal Classification
Item type Urdu Bks
Classification part 840.8
Call number suffix ا ب ن
Holdings
Withdrawn status Lost status Not for loan Collection code Home library Current library Date acquired Source of acquisition Cost, normal purchase price Full call number Barcode Copy number Cost, replacement price Koha item type
      Non-fiction Central Library Central Library 24/01/2020 BPPD/Ven. 250.00 840.8 ا ب ن B-209194 1 250.00 Urdu Bks

© Delhi Public Library
Hit Counter
free hit counter